00780nam a22001577a 450000500170000000800410001704100080005804400070006611000370007324500640011026001050017430000510027950400270033052002550035771000100061220180803165519.0131127b2003 ck ||||| |||| 00| 0 spa d aspa ack aPontificia Universidad Javeriana aEncuentro de investigación en ecología y medio ambiente aBogotábPontificia Universidad JaverianabAgro-BiobAgriempleobLa Mana ViverobCORPOEDUAGROc2003 a207 p.,bil., (col), graficas, cuadros,c13 cm aIncluye bibliografía aLa ordenación y el manejo de los recursos naturales se hace indispensable para garantizar la perpetuidad y conservación de los mismos, en función del beneficio social y económico de las comunidades tanto rurales como urbanas de nuestro país aECOAP